KAMUSI YA SEMI ZA KISWAHILI: TOLEO JIPYA (Record no. 216078)
[ view plain ]
| 000 -LEADER | |
|---|---|
| fixed length control field | 00474nam a22001697a 4500 |
| 008 - FIXED-LENGTH DATA ELEMENTS--GENERAL INFORMATION | |
| fixed length control field | 250909b |||||||| |||| 00| 0 eng d |
| 020 ## - INTERNATIONAL STANDARD BOOK NUMBER | |
| International Standard Book Number | 978-9966-46-540-5 |
| 100 ## - MAIN ENTRY--PERSONAL NAME | |
| Personal name | KINGEI KITULA |
| 245 ## - TITLE STATEMENT | |
| Title | KAMUSI YA SEMI ZA KISWAHILI: TOLEO JIPYA |
| 260 ## - PUBLICATION, DISTRIBUTION, ETC. | |
| Place of publication, distribution, etc. | NAIROBI |
| Name of publisher, distributor, etc. | EAST AFRICAN EDUCATIONAL PUBLISHERS |
| Date of publication, distribution, etc. | 2022 |
| 300 ## - PHYSICAL DESCRIPTION | |
| Extent | VI,305P. |
| 500 ## - GENERAL NOTE | |
| General note | INCLUDES AN INDEX |
| 650 ## - SUBJECT ADDED ENTRY | |
| Topical term or geographic name entry element | SWAHILI LANGUAGES |
| 700 ## - ADDED ENTRY--PERSONAL NAME | |
| Personal name | AHMED NDALU |
| 942 ## - ADDED ENTRY ELEMENTS (KOHA) | |
| Source of classification or shelving scheme | Library of Congress Classification |
| Koha item type | Reference |
| Withdrawn status | Lost status | Source of classification or shelving scheme | Damaged status | Not for loan | Collection | Home library | Current library | Shelving location | Date acquired | Inventory number | Total checkouts | Full call number | Barcode | Date last seen | Copy number | Price effective from | Koha item type |
|---|---|---|---|---|---|---|---|---|---|---|---|---|---|---|---|---|---|
| Library of Congress Classification | Arts & Social Sciences | Kisii University Library | Kisii University Library | On Display | 09/09/2025 | 109478 | REF PL 8703 .K56 2022 | 000000023886 | 09/09/2025 | C.1 | 09/09/2025 | Reference |